All NFL Starting Quarterbacks of the 1990s - Statistics

General Stats
  • This quiz has been taken 76 times
  • The average score is 49 of 148
Answer Stats
# Starts Teams Quarterback % Correct
40 49ers, Chiefs Joe Montana
98%
125 Packers Brett Favre
93%
115 49ers Steve Young
93%
139 Dolphins Dan Marino
88%
105 Patriots Drew Bledsoe
88%
143 Cowboys Troy Aikman
88%
133 Broncos John Elway
85%
118 Oilers / Titans, Vikings, Seahawks Warren Moon
83%
39 Redskins, Vikings Brad Johnson
80%
103 Bills Jim Kelly
80%
113 Ravens, Buccaneers, Browns, Jets Vinny Testaverde
80%
96 Bengals, Cardinals, Jets Boomer Esiason
78%
77 Eagles, Vikings Randall Cunningham
78%
32 Colts Peyton Manning
75%
74 Raiders, Vikings, Chiefs, Redskins Rich Gannon
75%
8 Bills, Jaguars Rob Johnson
75%
68 Jaguars Mark Brunell
73%
4 Bengals Akili Smith
70%
16 Rams Kurt Warner
68%
58 Redskins, Browns, Rams Mark Rypien
68%
97 Steelers, Jets, Bengals, Oilers / Titans Neil O'Donnell
68%
49 Oilers / Titans Steve McNair
68%
14 Redskins Trent Green
68%
117 Colts, Falcons, Raiders, Vikings Jeff George
65%
105 Rams, Saints, Chargers Jim Everett
65%
38 Giants Phil Simms
65%
94 Falcons, Cardinals, Oilers / Titans, Rams, Buccaneers Chris Chandler
63%
81 Seahawks, Chiefs, Cardinals, Bears, Lions Dave Krieg
63%
81 Raiders, Giants, Redskins Jeff Hostetler
63%
128 Bears, Colts, Ravens, Chargers Jim Harbaugh
63%
45 Browns, Cowboys, Dolphins Bernie Kosar
60%
6 Eagles Donovan McNabb
60%
10 49ers Jeff Garcia
60%
25 Vikings, Eagles, Cardinals Jim McMahon
60%
48 Steelers Kordell Stewart
60%
81 Chargers, Redskins Stan Humphries
60%
66 Panthers, Cardinals, Jaguars, Cowboys Steve Beuerlein
60%
25 Bills Doug Flutie
58%
56 Panthers, Giants, Saints Kerry Collins
58%
17 Bills Todd Collins
58%
41 Chiefs, 49ers Elvis Grbac
55%
66 Lions, Dolphins, Ravens Scott Mitchell
55%
58 Giants, Cardinals Dave Brown
53%
14 Browns Tim Couch
50%
76 Buccaneers Trent Dilfer
50%
66 Bengals Jeff Blake
48%
6 Patriots Marc Wilson
48%
27 Packers, Colts, Lions Don Majkowski
45%
36 Cardinals Jake Plummer
45%
30 Saints, Vikings, Falcons, Raiders, Cowboys Wade Wilson
45%
65 Bears, Lions, Chargers Erik Kramer
43%
64 Cowboys, Eagles, Lions Rodney Peete
43%
60 Bears, Seahawks, Jets Rick Mirer
40%
39 Chiefs, 49ers, Rams Steve Bono
40%
39 Buccaneers, Chiefs, Dolphins, Falcons Steve DeBerg
40%
4 Patriots Steve Grogan
40%
62 Falcons, Rams, Broncos Chris Miller
38%
17 Jets, Panthers, Bills, Lions Frank Reich
38%
4 Bears, Steelers Jim Miller
38%
39 Jets, Eagles Ken O'Brien
38%
4 Broncos Tommy Maddox
38%
13 Denver Brian Griese
35%
2 Saints Jake Delhomme
35%
9 Chargers Ryan Leaf
35%
5 Buccaneers Shaun King
35%
53 Rams. Ravens Tony Banks
35%
52 Lions, Redskins Gus Frerotte
33%
21 Seahawks Jon Kitna
33%
42 Chargers, Falcons, Oilers / Titans, Saints Billy Joe Tolliver
30%
50 Falcons, Saints Bobby Hebert
30%
46 Broncos, Eagles, Jets, Steelers Bubby Brister
30%
51 Cardinals, Bengals, Raiders Jay Schroeder
30%
21 Eagles, Browns, 49ers Ty Detmer
28%
24 Bengals David Klingler
25%
22 Redskins, Saints Heath Shuler
25%
1 Jaguars Jay Fiedler
25%
6 Eagles Koy Detmer
25%
44 Steelers, Browns, Packers, Bears Mike Tomczak
25%
2 Falcons Scott Campbell
25%
11 Cardinals Tom Tupa
25%
6 Lions Andre Ware
23%
33 Cardinals, Giants Kent Graham
23%
33 Saints, Bears, Rams Steve Walsh
23%
9 Cowboys Jason Garrett
20%
6 Bears Cade McNown
18%
22 Lions Charlie Batch
18%
9 Eagles Doug Pederson
18%
1 49ers Jim Druckenmiller
18%
19 Cardinals Timm Rosenbach
18%
17 Raiders, Saints Billy Joe Hobert
15%
13 Eagles Bobby Hoying
15%
14 Packers, Jets Browning Nagle
15%
5 Dolphins Damon Huard
15%
21 Giants, Falcons Danny Kanell
15%
9 Jets, Seahawks Glenn Foley
15%
3 Bills Alex Van Pelt
13%
14 Chargers Craig Whelihan
13%
6 Saints Danny Wuerffel
13%
12 Browns, Ravens, Buccaneers Eric Zeier
13%
2 Jaguars Jonathan Quinn
13%
7 Patriots Scott Zolak
13%
7 Bears Shane Matthews
13%
1 Jaguars Steve Matthews
13%
24 Patriots, Falcons, Broncos Hugh Millen
10%
38 Chargers, Redskins, Seahawks John Friesz
10%
8 Seahawks Kelly Stouffer
10%
3 Bears Peter Tom Willis
10%
5 Ravens, Cardinals Stoney Case
10%
8 Raiders Todd Marinovich
10%
5 Chargers, Lions Bob Gagliano
8%
4 Oilers / Titans Bucky Richardson
8%
14 Oilers / Titans Cody Carlson
8%
36 Buccaneers, Colts, Dolphins Craig Erickson
8%
5 Seahawks Dan McGwire
8%
1 Jaguars Jamie Martin
8%
3 Patriots, Buccaneers Jeff Carlson
8%
1 Bears Moses Moreno
8%
9 Jets Ray Lucas
8%
12 Cardinals, Seahawks Stan Gelbaugh
8%
10 Bears, 49ers Steve Stenstrom
8%
4 Raiders Vince Evans
8%
2 Redskins Cary Conklin
5%
2 Chargers Gale Gilbert
5%
16 Colts, Jets Jack Trudeau
5%
1 Colts Kelly Holcomb
5%
12 Vikings, Chargers Sean Salisbury
5%
5 Falcons Tony Graziani
5%
2 Packers Blair Kiel
3%
8 Bengals, Raiders Donald Hollas
3%
1 Bengals Erik Wilhelm
3%
7 Eagles, Seahawks Jeff Kemp
3%
1 Redskins Jeff Rutledge
3%
2 Chargers, Chiefs Mark Vlasic
3%
1 Saints Mike Buck
3%
3 Browns Mike Pagel
3%
10 Bengals, Colts Paul Justin
3%
12 Patriots Tom Hodson
3%
2 Bears, Oilers / Titans Will Furrer
3%
7 Packers Anthony Dilweg
0%
1 Cowboys Babe Laufenberg
0%
1 Broncos Bill Musgrave
0%
2 Eagles Brad Goebel
0%
14 Saints Doug Nussmeier
0%
5 Saints John Fourcade
0%
1 Colts Mark Herrmann
0%
4 Patriots Scott Secules
0%
7 Rams T.J. Rubley
0%
5 Browns Todd Philcox
0%
No matching quizzes found
Score Distribution
Percent of People with Each Score
Percentile by Number Answered
Your Score History
You have not taken this quiz